| 000 | 00636nam a22001937a 4500 | ||
|---|---|---|---|
| 999 |
_c524911 _d524911 |
||
| 003 | NUST | ||
| 020 | _a969-472-129-6 | ||
| 038 | _aFaiza | ||
| 082 |
_a891.439092 _bNAD |
||
| 100 |
_aNaveed, Zahid _915710 |
||
| 245 |
_aRasheed Akhtar Nadvi : Shakhsiat aur Funn / _cZahid Naveed |
||
| 260 |
_aIslamabad : _bAcademy Adbiat e Pakistan, _c1999. |
||
| 300 | _a158 p. ; | ||
| 500 | _aHardcover. | ||
| 880 |
_6100-01\r _aزاہد نوید |
||
| 880 |
_6245-02\r _aرشید اختر ندوی : شخصیت اور فن / |
||
| 880 |
_6260-03\r _aاسلام آباد : _bاکادمی ادبیاتِ پاکستان, _c۱۹۹۹. |
||
| 942 |
_2ddc _cBK |
||